000 01344nam a2200361 a 4500
005 20240423133011.0
008 100706s2013||||ag a f |||| 00| 0 spa d
020 _a9789871259748
041 _aspa
092 _c618.92
_l31
_sGUI
245 _aGuía para el seguimiento del niño sano /
_cMiguel Körte
250 _a2a ed.
260 3 _aBuenos Aires:
_bJournal;
_c2013.
300 _a347 p.
500 _aKörte, M. et al. (2013). Guía para el seguimiento del niño sano. (2a ed.). Buenos Aires : Journal.
653 _aDesarrollo del globo ocular y los anexos
653 _aAnejos oculares, superficie ocular, córnea y esclera
653 _aAmetropías, cristalino y cirugía refractiva
653 _aVitreorretina y úvez. Patología cascular retiniana
653 _aGlaucoma
653 _aNervio óptico, vía óptica
653 _aPatología oculomotora y oftalmología pediátrica
653 _aPatología de la órbita y traumatología ocular
653 _aMétodos de exploración en oftalmología
653 _aUrgencias en oftalmología
700 1 _aKörte, Miguel
_92154
700 1 _aVillafañe Molina, Solana
_92155
700 1 _aGranillo, Miguel
_92156
700 1 _aOlivera, Alejandro D.
_92157
700 1 _aDumandzic Sanz, Lenka
_92158
700 1 _aColombo, Silvia I.
_92159
942 _2ddc
_cBK
999 _c1372
_d1372